အနှစ်ထုတ်ယူစွမ်းတဲ့လူ / (Record no. 16745)

000 -LEADER
fixed length control field 00915nam a2200217Ia 4500
003 - CONTROL NUMBER IDENTIFIER
control field OSt
005 - DATE AND TIME OF LATEST TRANSACTION
control field 20241030105629.0
007 - PHYSICAL DESCRIPTION FIXED FIELD--GENERAL INFORMATION
fixed length control field ca aa aaaaa
008 - FIXED-LENGTH DATA ELEMENTS--GENERAL INFORMATION
fixed length control field 201103s9999 xx 000 0 und d
040 ## - CATALOGING SOURCE
Transcribing agency SSBUL
041 ## - LANGUAGE CODE
Language code of text/sound track or separate title bur
082 ## - DEWEY DECIMAL CLASSIFICATION NUMBER
Edition number 23
Classification number ၂၉၄.၃၄၄၃ သိ
Item number ၉၂၇၆ S-SAT
100 0# - MAIN ENTRY--PERSONAL NAME
Personal name သိရိန္ဒာဘိဝံသ၊ အရှင်(ယော)
9 (RLIN) 15783
245 10 - TITLE STATEMENT
Title အနှစ်ထုတ်ယူစွမ်းတဲ့လူ /
Statement of responsibility, etc. အရှင်သိရိန္ဒာဘိဝံသ(ယော)။
250 ## - EDITION STATEMENT
Edition statement ဒုတိယအကြိမ်။
260 ## - PUBLICATION, DISTRIBUTION, ETC.
Place of publication, distribution, etc. ရန်ကုန် ၊
Name of publisher, distributor, etc. ဝင်းစာပေတိုက်၊
Date of publication, distribution, etc. ၁၉၉၉။
300 ## - PHYSICAL DESCRIPTION
Extent ၈၁ စာမျက်နှာ ၊
Dimensions ၁၆ စင်တီ။
500 ## - GENERAL NOTE
General note S-SAT: Dr. Sai Aung Tun
650 ## - SUBJECT ADDED ENTRY--TOPICAL TERM
Topical term or geographic name entry element ဗုဒ္ဓဘာသာ
General subdivision တရားတော်
9 (RLIN) 13507
942 ## - ADDED ENTRY ELEMENTS (KOHA)
Source of classification or shelving scheme
Koha item type Book (Short term)
Holdings
Withdrawn status Lost status Source of classification or shelving scheme Damaged status Not for loan Collection code Permanent Location Current Location Shelving location Date acquired Total Checkouts Full call number Barcode Date last seen Price effective from Koha item type Accession
          Special Collections Shan State Buddhist University Library Shan State Buddhist University Library Special Collection Shelves 15/02/2023   ၂၉၄.၃၄၄၃ သိ ၉၂၇၆ S-SAT MB00009276 15/02/2023 15/02/2023 Book (Short term) ၉၂၇၆ S-SAT

Library - 09407999929
Admin Office - 09407999979
Dean Office - 09250910768
Registrar Office - 09892297154
Email - [email protected]
Shan State Buddhist University, Phaya Phyu Taunggyi, Shan State, Myanmar.